| 000 | 00997 a2200229 4500 | ||
|---|---|---|---|
| 999 |
_c9440 _d9440 |
||
| 020 | _a185431405 | ||
| 020 | _a185431405 | ||
| 050 | 0 | 0 | _aKD7453 ROS 1994 |
| 100 | 1 |
_aRose, William M., _d1949-2007. _eauthor |
|
| 245 | 1 | 0 |
_aPleadings without tears : _ba guide to legal drafting / _cWilliam Rose. |
| 250 | _a3th ed. | ||
| 264 |
_aLondon: _bBlackstone press ltd, _c1994. |
||
| 300 |
_axii, 340 p. : _bill., forms ; |
||
| 500 | _ainclude epilogue. | ||
| 650 | 0 | _aPleading | |
| 650 | 0 | _aLegal composition. | |
| 856 | 4 | 1 |
_3Table of contents only _uhttp://www.loc.gov/catdir/toc/ecip073/2006034957.html |
| 856 | 4 | 2 |
_3Contributor biographical information _uhttp://www.loc.gov/catdir/enhancements/fy0737/2006034957-b.html |
| 856 | 4 | 2 |
_3Publisher description _uhttp://www.loc.gov/catdir/enhancements/fy0737/2006034957-d.html |
| 942 |
_2lcc _cBK _e3rd ed _h7453 _iROS _kKF |
||